00344 2200145 4500001002100000005001500021035002000036245004900056100002300105300001200128260002400140082000800164084001400172990001200186INLIS00000000000204020250527090803 a0010-05250003321 aKamus Fisika Bergambar /cAbdul Djamal Husni0 aAbdul Djamal Husni a128 hlm ajakarta :bErlangga a530 a530 ABD k a0713107